[Event "Bayern-chTT (Oberliga)"]
[Site "Bayern 2008/09"]
[Date "2009.02.01"]
[Round "6.4"]
[White "Krauseneck, Peter ProfDr"]
[Black "Majer, Damir"]
[Result "1-0"]
[WhiteElo "2114"]
[BlackElo "2232"]
[PlyCount "129"]
[EventDate "2009.03.??"]
[EventType "team-tourn"]
[EventRounds "9"]
[WhiteTeam "Bamberg-SC 1"]
[BlackTeam "München-Bayern 2"]

1. e4 Nf6 2. e5 Nd5 3. d4 d6 4. c4 Nb6 5. f4 dxe5 6. fxe5 Bf5 7. Nc3 Nc6 8. Be3
e6 9. Nf3 Bg4 10. Be2 Bxf3 11. gxf3 Qh4+ 12. Bf2 Qf4 13. Qc1 Qxc1+ 14. Rxc1
O-O-O 15. c5 Nd7 16. Bb5 Ndb8 17. Ne2 Ne7 18. Bh4 Nbc6 19. Bxc6 bxc6 20. Rc4
Rd7 21. Bxe7 Bxe7 22. Rg1 f6 23. Rxg7 fxe5 24. Rg4 Rf8 25. Kf2 Bf6 26. dxe5
Bxe5 27. Rge4 Rd5 28. f4 Bxb2 29. Rxe6 Kd7 30. Rh6 Rf7 31. Rh3 Re7 32. Rb3 Rd2
33. Re3 Bf6 34. Ra4 Rc2 35. h3 Bh4+ 36. Kf3 Rxe3+ 37. Kxe3 Rxc5 38. Rxa7 Be7
39. Kf3 Rc2 40. a4 Ra2 41. Ra8 h5 42. a5 Ra3+ 43. Kg2 c5 44. a6 c4 45. a7 Bc5
46. Rh8 Bxa7 47. Rxh5 Kd6 48. Rb5 c3 49. Rb1 Be3 50. Rd1+ Ke7 51. Rd3 Bd2 52.
Kf3 c5 53. Kg4 Ke6 54. h4 c4 55. Rd4 Ra4 56. h5 Kf6 57. Rd6+ Ke7 58. Rd5 Ke6
59. Rd8 Ke7 60. Rd4 Kf6 61. Rd8 Ke7 62. h6 Kxd8 63. h7 Ke7 64. h8=Q Ra3 65. Qd4
1-0

[Event "Bayern-chTT (Oberliga)"]
[Site "Bayern 2008/09"]
[Date "2009.02.01"]
[Round "6.5"]
[White "Braun, Christian Dr(67)"]
[Black "Krug, Stefan(63)"]
[Result "1/2-1/2"]
[WhiteElo "2185"]
[BlackElo "2083"]
[PlyCount "51"]
[EventDate "2009.03.??"]
[EventType "team-tourn"]
[EventRounds "9"]
[WhiteTeam "München-Bayern 2"]
[BlackTeam "Bamberg-SC 1"]

1. d4 d5 2. c4 e6 3. Nc3 Be7 4. cxd5 exd5 5. Bf4 c6 6. e3 Bd6 7. Bxd6 Qxd6 8.
Bd3 Ne7 9. Qc2 Qf6 10. Nf3 Bf5 11. e4 dxe4 12. Nxe4 Bxe4 13. Bxe4 Nd7 14. O-O
h6 15. Rfe1 O-O 16. Re3 Rac8 17. Rae1 Nd5 18. Ra3 a6 19. Bh7+ Kh8 20. Bf5 Rc7
21. Ne5 Nxe5 22. dxe5 Re8 23. Qe4 Qd8 24. Rg3 g6 25. Bh3 f5 26. Qd4 1/2-1/2

[Event "Bayern-chTT (Oberliga)"]
[Site "Bayern 2008/09"]
[Date "2009.02.01"]
[Round "6.6"]
[White "Mittag, Ralf"]
[Black "Schuetz, Guenter(54)"]
[Result "1/2-1/2"]
[WhiteElo "2062"]
[BlackElo "2167"]
[PlyCount "130"]
[EventDate "2009.03.??"]
[EventType "team-tourn"]
[EventRounds "9"]
[WhiteTeam "Bamberg-SC 1"]
[BlackTeam "München-Bayern 2"]

1. e4 c5 2. Nf3 Nc6 3. d3 g6 4. g3 Bg7 5. Bg2 d6 6. O-O e6 7. c3 Nge7 8. Re1
O-O 9. Bg5 Rb8 10. d4 cxd4 11. Nxd4 Nxd4 12. cxd4 h6 13. Be3 b6 14. Nc3 Bb7 15.
Qd2 Kh7 16. Rad1 Qd7 17. Bh3 d5 18. f3 Rfd8 19. e5 Ba6 20. Rc1 Rdc8 21. g4 Ng8
22. Ne2 Bxe2 23. Qxe2 Bf8 24. Bf1 Bb4 25. Red1 Rb7 26. Qd3 Rbc7 27. Qb1 Qa4 28.
Bd3 Be7 29. Rxc7 Rxc7 30. Kg2 Kg7 31. Kg3 Qe8 32. Rf1 f5 33. Rc1 Qd8 34. Rxc7
Qxc7 35. Qc2 Qd7 36. h3 Bd8 37. a3 Qe7 38. Kg2 Qd7 39. Ba6 Ne7 40. Bd3 b5 41.
Qc5 a6 42. a4 bxa4 43. Bxa6 Qc6 44. Qxc6 Nxc6 45. Bb5 Nb4 46. Bxa4 Bb6 47. Kf1
Nd3 48. Ke2 Nxb2 49. Bb3 Nc4 50. Bxc4 dxc4 51. Kd2 Ba5+ 52. Kc2 h5 53. gxh5
gxh5 54. Bd2 Bb6 55. Bc3 Kg6 56. f4 Kf7 57. Kb2 Bd8 58. Ka3 Bh4 59. Kb4 Bf2 60.
Bd2 Bxd4 61. Kxc4 Bf2 62. Kb5 Ke7 63. Kc6 Bd4 64. Bc1 Bc3 65. Be3 Be1 1/2-1/2

[Event "Bayern-chTT (Oberliga)"]
[Site "Bayern 2008/09"]
[Date "2009.02.01"]
[Round "6.7"]
[White "Braun, Thomas Dr(57)"]
[Black "Mikuta, Alexander"]
[Result "0-1"]
[WhiteElo "2078"]
[BlackElo "1965"]
[PlyCount "78"]
[EventDate "2009.03.??"]
[EventType "team-tourn"]
[EventRounds "9"]
[WhiteTeam "München-Bayern 2"]
[BlackTeam "Bamberg-SC 1"]

1. d4 Nf6 2. c4 g6 3. Nc3 Bg7 4. e4 d6 5. Nf3 O-O 6. Be2 e5 7. O-O Nc6 8. d5
Ne7 9. Ne1 Nd7 10. Be3 f5 11. f3 f4 12. Bf2 g5 13. a4 Rf7 14. a5 a6 15. Na4 Bf8
16. Rc1 Rg7 17. c5 g4 18. fxg4 Nf6 19. cxd6 Qxd6 20. Bc5 Qd8 21. d6 Nc6 22.
dxc7 Bxc5+ 23. Nxc5 Qxc7 24. h3 h5 25. gxh5 Bxh3 26. Qb3+ Kh8 27. Qxh3 Nd4 28.
Bf3 Rag8 29. Rc3 Rg3 30. Qh4 Qg7 31. h6 Qg6 32. Rf2 Ng4 33. Bxg4 Rxg4 34. Qe7
Qh5 35. Qf6+ Kh7 36. Rcc2 Rh4 37. Rf3 Rh1+ 38. Kf2 Rxg2+ 39. Nxg2 Qxf3# 0-1

[Event "Bayern-chTT (Oberliga)"]
[Site "Bayern 2008/09"]
[Date "2009.02.01"]
[Round "6.8"]
[White "Denk, Stefan(79)"]
[Black "Wengler, Joerg"]
[Result "1-0"]
[WhiteElo "1946"]
[BlackElo "2056"]
[PlyCount "45"]
[EventDate "2009.03.??"]
[EventType "team-tourn"]
[EventRounds "9"]
[WhiteTeam "Bamberg-SC 1"]
[BlackTeam "München-Bayern 2"]

1. c4 e6 2. Nf3 d5 3. cxd5 exd5 4. d4 Nf6 5. Bf4 c6 6. e3 Bf5 7. Qb3 Qb6 8.
Nfd2 Nbd7 9. Nc3 Be7 10. Be2 O-O 11. O-O Bg6 12. h3 Rfe8 13. Rac1 Ne4 14. Ndxe4
Qxb3 15. axb3 dxe4 16. d5 Nc5 17. dxc6 bxc6 18. Na4 Nd3 19. Rxc6 Nxf4 20. exf4
Rab8 21. Bc4 Bb4 22. g4 h5 23. Rxg6 1-0

[Event "Bayern-chTT (Oberliga)"]
[Site "Bayern 2008/09"]
[Date "2009.02.01"]
[Round "6.1"]
[White "Milov, Leonid"]
[Black "Vavra, Pavel"]
[Result "1/2-1/2"]
[WhiteElo "2480"]
[BlackElo "2391"]
[PlyCount "126"]
[EventDate "2009.03.??"]
[EventType "team-tourn"]
[EventRounds "9"]
[WhiteTeam "Nürnberg-NT 1"]
[BlackTeam "Würzburg 1"]

1. e4 c5 2. Nf3 d6 3. d4 cxd4 4. Nxd4 Nf6 5. Nc3 a6 6. f3 e5 7. Nb3 Be6 8. Be3
Nbd7 9. g4 Be7 10. Qd2 O-O 11. g5 Nh5 12. O-O-O a5 13. Kb1 a4 14. Nc1 Nb6 15.
Rg1 Rc8 16. a3 Nf4 17. N1a2 Bc4 18. Qf2 Bxa2+ 19. Kxa2 Nc4 20. Bxc4 Rxc4 21.
Bxf4 exf4 22. h4 f6 23. g6 h6 24. Qd2 Rc5 25. Nd5 f5 26. Nxf4 Qc8 27. Nd5 Bxh4
28. Qh2 Bf6 29. c3 fxe4 30. fxe4 Be5 31. Qxe5 dxe5 32. Ne7+ Kh8 33. Nxc8 Rcxc8
34. Rd7 Rc4 35. Rf1 Kg8 36. Rxf8+ Kxf8 37. Rf7+ Ke8 38. Rxg7 Rxe4 39. Rxb7 Kf8
40. Rh7 Rh4 41. Rf7+ Kg8 42. Re7 e4 43. Ra7 Rg4 44. Rxa4 h5 45. Ra7 Rxg6 46.
Re7 Rg4 47. a4 h4 48. a5 h3 49. a6 Rg6 50. Rxe4 Rxa6+ 51. Kb3 Rh6 52. Re1 h2
53. Rh1 Kf7 54. Kc4 Ke6 55. Kd4 Kd6 56. Ke4 Kc5 57. Kf3 Kc4 58. Kg2 Rg6+ 59.
Kxh2 Kb3 60. Rf1 Kxb2 61. Rf3 Rc6 62. Kg2 Rxc3 63. Rxc3 Kxc3 1/2-1/2

[Event "Bayern-chTT (Oberliga)"]
[Site "Bayern 2008/09"]
[Date "2009.02.01"]
[Round "6.2"]
[White "Siepelt, Heiner"]
[Black "Mischustov, Michael"]
[Result "0-1"]
[WhiteElo "2276"]
[BlackElo "2345"]
[PlyCount "66"]
[EventDate "2009.03.??"]
[EventType "team-tourn"]
[EventRounds "9"]
[WhiteTeam "Würzburg 1"]
[BlackTeam "Nürnberg-NT 1"]

1. Nf3 Nf6 2. g3 b6 3. Bg2 Bb7 4. O-O e6 5. b3 Be7 6. Bb2 O-O 7. d3 d5 8. Nbd2
c5 9. e3 Nbd7 10. Qe2 Qc7 11. e4 dxe4 12. dxe4 Rfd8 13. e5 Ne8 14. Rfe1 Rac8
15. c4 Nb8 16. Ne4 Nc6 17. a3 Na5 18. Qc2 h6 19. g4 Qd7 20. Re3 b5 21. g5 Bxe4
22. Qxe4 hxg5 23. Qg4 bxc4 24. b4 Nb3 25. Rae1 Nd4 26. Nxg5 Nf5 27. Nxf7 Kxf7
28. Rf3 Qd2 29. Rxf5+ exf5 30. Qxf5+ Nf6 31. Rf1 Qxb2 32. Be4 Kf8 33. e6 Qe2
0-1

[Event "Bayern-chTT (Oberliga)"]
[Site "Bayern 2008/09"]
[Date "2009.02.01"]
[Round "6.3"]
[White "Wagner, Florian(06.90)"]
[Black "Seuffert, Gabriel"]
[Result "0-1"]
[WhiteElo "2235"]
[BlackElo "2242"]
[PlyCount "73"]
[EventDate "2009.03.??"]
[EventType "team-tourn"]
[EventRounds "9"]
[WhiteTeam "Nürnberg-NT 1"]
[BlackTeam "Würzburg 1"]

1. e4 c5 2. Nf3 e6 3. d4 cxd4 4. Nxd4 Nc6 5. Nc3 Qc7 6. Be3 a6 7. Bd3 Nf6 8.
O-O Ne5 9. Nf3 Nfg4 10. Nxe5 Nxe3 11. Qh5 g6 12. Qf3 Qxe5 13. fxe3 f6 14. Qxf6
Qxf6 15. Rxf6 Bg7 16. Rf3 b5 17. Nd1 Bb7 18. c3 Bc6 19. Kf1 Be5 20. g3 Ke7 21.
Ke2 h5 22. Nf2 g5 23. h3 a5 24. g4 h4 25. Bc2 b4 26. Nd3 Bg3 27. cxb4 Bxe4 28.
bxa5 Bxf3+ 29. Kxf3 Rxa5 30. a4 Rf8+ 31. Ke2 Rc8 32. Bd1 Ra7 33. b4 d5 34. a5
Rb8 35. Kd2 Bd6 36. Kc3 e5 37. Ra4 0-1

[Event "Bayern-chTT (Oberliga)"]
[Site "Bayern 2008/09"]
[Date "2009.02.01"]
[Round "6.4"]
[White "Rupp, Markus(73)"]
[Black "Epding, Olaf"]
[Result "1/2-1/2"]
[WhiteElo "2217"]
[BlackElo "2157"]
[PlyCount "43"]
[EventDate "2009.03.??"]
[EventType "team-tourn"]
[EventRounds "9"]
[WhiteTeam "Würzburg 1"]
[BlackTeam "Nürnberg-NT 1"]

1. d4 d5 2. c4 dxc4 3. Nf3 Nf6 4. e3 e6 5. Bxc4 c5 6. O-O a6 7. Bb3 b5 8. Nc3
Bb7 9. Qe2 Nbd7 10. Rd1 Qb8 11. a3 Bd6 12. h3 O-O 13. Bc2 Rd8 14. e4 cxd4 15.
Nxd4 Bf4 16. Nb3 Bc7 17. Be3 h6 18. Rac1 Ne5 19. Nc5 Nfd7 20. b3 Nxc5 21. Bxc5
Bd6 22. Qe3 1/2-1/2

[Event "Bayern-chTT (Oberliga)"]
[Site "Bayern 2008/09"]
[Date "2009.02.01"]
[Round "6.5"]
[White "Kirchner, Thomas"]
[Black "Zehnter, Sebastian"]
[Result "1-0"]
[WhiteElo "2266"]
[BlackElo "2182"]
[PlyCount "79"]
[EventDate "2009.03.??"]
[EventType "team-tourn"]
[EventRounds "9"]
[WhiteTeam "Nürnberg-NT 1"]
[BlackTeam "Würzburg 1"]

1. e4 d5 2. exd5 Nf6 3. d4 Bg4 4. Be2 Bxe2 5. Nxe2 Qxd5 6. O-O Nc6 7. c3 O-O-O
8. Qb3 Qxb3 9. axb3 a6 10. f4 e6 11. Nd2 Nd5 12. Nc4 f6 13. Ng3 g6 14. Ne4 Be7
15. Bd2 Kd7 16. b4 Ra8 17. g3 Rhe8 18. Rfe1 h6 19. h4 Rg8 20. Re2 Rgf8 21. Rae1
Rae8 22. Kg2 b6 23. Nf2 Bd6 24. Nd3 h5 25. Ra1 Ra8 26. Ree1 Rfe8 27. Ra2 a5 28.
Rea1 Rab8 29. bxa5 bxa5 30. Nxa5 e5 31. Nxc6 Kxc6 32. c4 Nb4 33. Bxb4 Bxb4 34.
fxe5 fxe5 35. Nxe5+ Kb7 36. Ra7+ Kc8 37. Ra8 Re6 38. Rxb8+ Kxb8 39. Kf3 c5 40.
Nd3 1-0

[Event "Bayern-chTT (Oberliga)"]
[Site "Bayern 2008/09"]
[Date "2009.02.01"]
[Round "6.6"]
[White "Reis, Thomas(70)"]
[Black "Martin, Thomas(66)"]
[Result "1/2-1/2"]
[WhiteElo "2110"]
[BlackElo "2266"]
[PlyCount "41"]
[EventDate "2009.03.??"]
[EventType "team-tourn"]
[EventRounds "9"]
[WhiteTeam "Würzburg 1"]
[BlackTeam "Nürnberg-NT 1"]

1. d4 Nf6 2. Nf3 g6 3. c4 Bg7 4. Nc3 O-O 5. e4 d6 6. h3 c5 7. d5 Na6 8. Bd3 Nc7
9. O-O a6 10. a4 Rb8 11. Re1 Bd7 12. e5 Nfe8 13. Bf4 b5 14. axb5 axb5 15. b3 b4
16. Ne4 Bf5 17. Ra2 Bxe4 18. Bxe4 f6 19. exd6 exd6 20. Rae2 Ra8 21. Bc2 1/2-1/2

[Event "Bayern-chTT (Oberliga)"]
[Site "Bayern 2008/09"]
[Date "2009.02.01"]
[Round "6.7"]
[White "Pauli, Alexander Dr"]
[Black "Alm, Christopher"]
[Result "1/2-1/2"]
[WhiteElo "2170"]
[BlackElo "2026"]
[PlyCount "39"]
[EventDate "2009.03.??"]
[EventType "team-tourn"]
[EventRounds "9"]
[WhiteTeam "Nürnberg-NT 1"]
[BlackTeam "Würzburg 1"]

1. e4 Nf6 2. Nc3 d5 3. e5 d4 4. exf6 dxc3 5. fxg7 cxd2+ 6. Bxd2 Bxg7 7. c3 Qd6
8. Bc4 Nc6 9. Nf3 Bf5 10. Qa4 O-O-O 11. O-O-O Bh6 12. Rhe1 Bxd2+ 13. Rxd2 Qh6
14. Bb5 Rxd2 15. Nxd2 Rd8 16. f4 Qd6 17. Nb3 Be6 18. Kb1 Bf5+ 19. Kc1 Be6 20.
Kb1 1/2-1/2

[Event "Bayern-chTT (Oberliga)"]
[Site "Bayern 2008/09"]
[Date "2009.02.01"]
[Round "6.8"]
[White "Reitz, Helmut(55)"]
[Black "Heimrath, Reiner"]
[Result "0-1"]
[WhiteElo "1859"]
[BlackElo "2178"]
[PlyCount "46"]
[EventDate "2009.03.??"]
[EventType "team-tourn"]
[EventRounds "9"]
[WhiteTeam "Würzburg 1"]
[BlackTeam "Nürnberg-NT 1"]

1. d4 Nf6 2. Nf3 d6 3. c4 Nbd7 4. Nc3 c6 5. e4 e5 6. d5 Be7 7. Bd3 Nf8 8. Qb3
Ng6 9. Ne2 O-O 10. Ng3 Bg4 11. Qxb7 cxd5 12. cxd5 Nf4 13. Bxf4 exf4 14. Ne2
Bxf3 15. gxf3 Nd7 16. Qb3 Bf6 17. Rb1 Qa5+ 18. Kf1 Rab8 19. Qa3 Qd2 20. Kg2
Bxb2 21. Rhd1 Qxd1 22. Rxd1 Bxa3 23. Nxf4 Rb2 0-1

[Event "Bayern-chTT (Oberliga)"]
[Site "Bayern 2008/09"]
[Date "2009.02.01"]
[Round "6.1"]
[White "Taggatz, Mario"]
[Black "Barsov, Alexei"]
[Result "1-0"]
[WhiteElo "2274"]
[BlackElo "2509"]
[PlyCount "77"]
[EventDate "2009.03.??"]
[EventType "team-tourn"]
[EventRounds "9"]
[WhiteTeam "Gröbenzell 1"]
[BlackTeam "Krumbach 1"]

1. Nf3 d5 2. d4 Nf6 3. c4 e6 4. g3 dxc4 5. Bg2 a6 6. O-O Nc6 7. Nc3 Rb8 8. e4
Be7 9. Qe2 b5 10. Rd1 O-O 11. d5 exd5 12. e5 d4 13. exf6 Bxf6 14. Qe4 Bb7 15.
Nd5 Nb4 16. Nxf6+ Qxf6 17. Qf4 c5 18. Qxf6 gxf6 19. Bf4 Rbd8 20. Bc7 Rc8 21.
Bd6 Rfd8 22. Be7 Re8 23. Bxf6 Be4 24. Ne1 Bxg2 25. Kxg2 Re2 26. a3 Nd5 27. Bg5
Rxb2 28. Nf3 f6 29. Bh6 Ne3+ 30. Bxe3 dxe3 31. g4 Re8 32. Rd5 exf2 33. Rf1 Re4
34. h3 c3 35. Rxc5 c2 36. Kg3 Rb1 37. Rc8+ Kg7 38. Rc7+ Kh6 39. Nh4 1-0

[Event "Bayern-chTT (Oberliga)"]
[Site "Bayern 2008/09"]
[Date "2009.02.01"]
[Round "6.2"]
[White "Vokac, Marek"]
[Black "Rohrmueller, Ulrich"]
[Result "1/2-1/2"]
[WhiteElo "2453"]
[BlackElo "2275"]
[PlyCount "93"]
[EventDate "2009.03.??"]
[EventType "team-tourn"]
[EventRounds "9"]
[WhiteTeam "Krumbach 1"]
[BlackTeam "Gröbenzell 1"]

1. c4 c6 2. Nf3 d5 3. d4 Nf6 4. Nc3 dxc4 5. a4 Bf5 6. Ne5 Nbd7 7. Nxc4 Nb6 8.
Ne5 a5 9. e3 Nfd7 10. Nxf7 Kxf7 11. Qf3 Ke6 12. e4 Bg6 13. d5+ Kd6 14. Be3 e5
15. dxe6 Kxe6 16. Rd1 Qc7 17. Qg4+ Kf7 18. Bc4+ Ke8 19. Bb3 Bc5 20. Bf4 Nf6 21.
Qxg6+ hxg6 22. Bxc7 Rc8 23. Bd6 Bxd6 24. Rxd6 Rd8 25. Rxd8+ Kxd8 26. O-O Ke7
27. f3 Nfd7 28. Rd1 Nc5 29. Bc2 Nc4 30. b3 Ne3 31. Rd2 Nxc2 32. Rxc2 Nxb3 33.
Ne2 Rd8 34. Kf2 Rd1 35. Rc3 Nd4 36. Nxd4 Rxd4 37. Rb3 Rb4 38. Rxb4 axb4 39. Ke3
c5 40. Kd3 g5 41. g3 Ke6 42. h3 b3 43. Kc3 c4 44. f4 gxf4 45. gxf4 g6 46. a5
Kf6 47. h4 1/2-1/2

[Event "Bayern-chTT (Oberliga)"]
[Site "Bayern 2008/09"]
[Date "2009.02.01"]
[Round "6.3"]
[White "Schuster, Karsten(73)"]
[Black "Lang, Marc(69)"]
[Result "1/2-1/2"]
[WhiteElo "2196"]
[BlackElo "2275"]
[PlyCount "26"]
[EventDate "2009.03.??"]
[EventType "team-tourn"]
[EventRounds "9"]
[WhiteTeam "Gröbenzell 1"]
[BlackTeam "Krumbach 1"]

1. d4 d5 2. c4 c6 3. cxd5 cxd5 4. Nf3 Nf6 5. Nc3 Nc6 6. Bf4 Bf5 7. e3 e6 8. Qb3
Bb4 9. Bb5 Bxc3+ 10. bxc3 O-O 11. Bxc6 bxc6 12. O-O Ne4 13. h3 c5 1/2-1/2

[Event "Bayern-chTT (Oberliga)"]
[Site "Bayern 2008/09"]
[Date "2009.02.01"]
[Round "6.4"]
[White "Riefner, Edwin"]
[Black "Zach, Andreas(60)"]
[Result "1/2-1/2"]
[WhiteElo "2234"]
[BlackElo "2248"]
[PlyCount "68"]
[EventDate "2009.03.??"]
[EventType "team-tourn"]
[EventRounds "9"]
[WhiteTeam "Krumbach 1"]
[BlackTeam "Gröbenzell 1"]

1. e4 e6 2. d4 d5 3. exd5 exd5 4. Bd3 c6 5. Ne2 Nf6 6. O-O Be7 7. Re1 O-O 8.
Nd2 Bg4 9. f3 Bd7 10. Nb3 a5 11. a4 b6 12. c3 c5 13. Bc2 Bc6 14. Bg5 Nbd7 15.
Nd2 h6 16. Bh4 Re8 17. Nf1 b5 18. axb5 Bxb5 19. Ne3 Qc7 20. Bg3 Qb6 21. Nf4 Bc6
22. Qd3 Qb7 23. Ng4 Nf8 24. Ne5 Bb5 25. Qd2 cxd4 26. Qxd4 Bd6 27. Rad1 Rac8 28.
Ned3 Bb8 29. Bf2 Qc7 30. Qb6 Ne6 31. Qxb5 Nxf4 32. Bg3 Qa7+ 33. Bf2 Qc7 34. Bg3
Qa7+ 1/2-1/2

[Event "Bayern-chTT (Oberliga)"]
[Site "Bayern 2008/09"]
[Date "2009.02.01"]
[Round "6.5"]
[White "Kaunzinger, Albert"]
[Black "Kempter, Ronald"]
[Result "1/2-1/2"]
[WhiteElo "2187"]
[BlackElo "2223"]
[PlyCount "40"]
[EventDate "2009.03.??"]
[EventType "team-tourn"]
[EventRounds "9"]
[WhiteTeam "Gröbenzell 1"]
[BlackTeam "Krumbach 1"]

1. d4 Nf6 2. Bf4 g6 3. e3 Bg7 4. Nf3 d6 5. h3 O-O 6. Be2 Nbd7 7. O-O c5 8. c3
b6 9. a4 a6 10. Nbd2 Bb7 11. Bh2 Qc7 12. Re1 Bc6 13. Bf1 Qb7 14. Qb1 Ne4 15.
Nxe4 Bxe4 16. Qd1 b5 17. a5 Bc6 18. Qd3 Be4 19. Qd1 Bc6 20. Qd3 Be4 1/2-1/2

[Event "Bayern-chTT (Oberliga)"]
[Site "Bayern 2008/09"]
[Date "2009.02.01"]
[Round "6.6"]
[White "Egger, Thomas(58)"]
[Black "Scheckenbach, Franz"]
[Result "1/2-1/2"]
[WhiteElo "2156"]
[BlackElo "2123"]
[PlyCount "88"]
[EventDate "2009.03.??"]
[EventType "team-tourn"]
[EventRounds "9"]
[WhiteTeam "Krumbach 1"]
[BlackTeam "Gröbenzell 1"]

1. Nf3 d5 2. g3 c5 3. Bg2 Nc6 4. d4 e6 5. c4 Nf6 6. cxd5 exd5 7. O-O Be7 8.
dxc5 Bxc5 9. Bg5 O-O 10. Nbd2 h6 11. Bxf6 Qxf6 12. Nb3 Bb6 13. Qd2 Re8 14. e3
Bf5 15. Nfd4 Be4 16. Nxc6 Bxg2 17. Ne7+ Qxe7 18. Kxg2 Qe4+ 19. Kg1 Rad8 20.
Rfd1 h5 21. Nd4 h4 22. Qd3 hxg3 23. hxg3 Qe5 24. Rac1 Rd6 25. Rc2 g6 26. Nf3
Qe6 27. Kg2 Kg7 28. Qc3+ f6 29. Qd3 Rh8 30. Nh4 Rh6 31. e4 d4 32. f3 Qxa2 33.
f4 Qf7 34. Rh1 Rc6 35. Rhc1 Qd7 36. Rxc6 bxc6 37. f5 g5 38. Ng6 Qd6 39. Rc4 Qd7
40. b4 Qd6 41. Kg1 Rh3 42. Kg2 Rh6 43. Kg1 Rh3 44. Kg2 Rh6 1/2-1/2

[Event "Bayern-chTT (Oberliga)"]
[Site "Bayern 2008/09"]
[Date "2009.02.01"]
[Round "6.7"]
[White "Schmidt, Anton(61)"]
[Black "Trassl, Franz"]
[Result "1/2-1/2"]
[WhiteElo "2054"]
[BlackElo "2111"]
[PlyCount "84"]
[EventDate "2009.03.??"]
[EventType "team-tourn"]
[EventRounds "9"]
[WhiteTeam "Gröbenzell 1"]
[BlackTeam "Krumbach 1"]

1. d4 Nf6 2. c4 e6 3. Nc3 d5 4. Nf3 Be7 5. Bg5 O-O 6. e3 Nbd7 7. Rc1 c6 8. Qc2
b6 9. cxd5 exd5 10. Bd3 h6 11. Bh4 Bb7 12. O-O Re8 13. Rfd1 Ne4 14. Bg3 Nxg3
15. hxg3 Nf6 16. a3 Bd6 17. b4 Qe7 18. Nh4 Qd7 19. e4 dxe4 20. Nxe4 Nd5 21.
Nxd6 Qxd6 22. Nf3 a5 23. bxa5 Rxa5 24. Ne5 Rxa3 25. Nc4 Qe7 26. Nxa3 Qxa3 27.
Re1 Rd8 28. Qe2 Kf8 29. Ra1 Qd6 30. Bc4 Bc8 31. Bxd5 Qxd5 32. Qe7+ Kg8 33. Ra7
Rd7 34. Qe8+ Kh7 35. Rxd7 Bxd7 36. Qe4+ Qxe4 37. Rxe4 Be6 38. Kf1 b5 39. Ke2
Bd5 40. Re7 b4 41. Kd2 Kg6 42. Rb7 b3 1/2-1/2

[Event "Bayern-chTT (Oberliga)"]
[Site "Bayern 2008/09"]
[Date "2009.02.01"]
[Round "6.8"]
[White "Jussupow, Nadia"]
[Black "Stocker, Rupert"]
[Result "1-0"]
[WhiteElo "2123"]
[BlackElo "2049"]
[PlyCount "69"]
[EventDate "2009.03.??"]
[EventType "team-tourn"]
[EventRounds "9"]
[WhiteTeam "Krumbach 1"]
[BlackTeam "Gröbenzell 1"]

1. d4 e6 2. Nf3 d5 3. e3 Nf6 4. Bd3 c5 5. b3 Nc6 6. Bb2 a6 7. Ne5 Nxe5 8. dxe5
Nd7 9. O-O b5 10. c4 bxc4 11. bxc4 Nb6 12. Qc2 Bb7 13. Rd1 dxc4 14. Bxc4 Qc7
15. Be2 Be7 16. Nd2 O-O 17. Rac1 Bc6 18. Nb3 Na4 19. Ba1 Rfc8 20. Bd3 g6 21.
Qe2 Qb6 22. Nd2 Rcb8 23. Nc4 Qc7 24. Qg4 Nb6 25. Nd6 Bd5 26. Qf4 Rf8 27. Rc2 f5
28. Rdc1 Nd7 29. Bd4 Qa5 30. Bxc5 Nxc5 31. Rxc5 Qxa2 32. Rc7 Qd2 33. Bf1 g5 34.
Qa4 Bd8 35. Qd7 1-0

[Event "Bayern-chTT (Oberliga)"]
[Site "Bayern 2008/09"]
[Date "2009.03.01"]
[Round "7.1"]
[White "Heika, Martin"]
[Black "Taggatz, Mario"]
[Result "1/2-1/2"]
[WhiteElo "2384"]
[BlackElo "2274"]
[PlyCount "38"]
[EventDate "2009.03.??"]
[EventType "team-tourn"]
[EventRounds "9"]
[WhiteTeam "Regensburg-Fortuna 1"]
[BlackTeam "Gröbenzell 1"]

1. e4 c5 2. Nf3 e6 3. d4 cxd4 4. Nxd4 Nc6 5. Nc3 Qc7 6. g3 a6 7. Bg2 d6 8. O-O
Bd7 9. Be3 Nf6 10. Qe2 Be7 11. Rad1 b5 12. a3 Rc8 13. h3 O-O 14. f4 Nxd4 15.
Rxd4 Bc6 16. Rd2 Qb7 17. Bd4 Rfd8 18. Kh2 Rd7 19. Rf2 Rcd8 1/2-1/2

[Event "Bayern-chTT (Oberliga)"]
[Site "Bayern 2008/09"]
[Date "2009.03.01"]
[Round "7.2"]
[White "Rohrmueller, Ulrich"]
[Black "Speckner, Roland"]
[Result "1/2-1/2"]
[WhiteElo "2275"]
[BlackElo "2295"]
[PlyCount "59"]
[EventDate "2009.03.??"]
[EventType "team-tourn"]
[EventRounds "9"]
[WhiteTeam "Gröbenzell 1"]
[BlackTeam "Regensburg-Fortuna 1"]

1. Nf3 d5 2. d4 Nf6 3. c4 c6 4. e3 Bg4 5. Nbd2 e6 6. Bd3 Nbd7 7. O-O Bd6 8. b3
Qc7 9. h3 Bh5 10. Bb2 O-O 11. Qc2 Rfe8 12. c5 Bf8 13. Ne5 a5 14. Rac1 Rec8 15.
f4 Bg6 16. Nxg6 hxg6 17. a3 b6 18. b4 axb4 19. axb4 Be7 20. Ra1 bxc5 21. bxc5
Nh5 22. Nf3 Ng3 23. Rxa8 Rxa8 24. Ra1 Rxa1+ 25. Bxa1 Qa7 26. Bc3 f5 27. Be1 Ne4
28. Bh4 Bxh4 29. Nxh4 Qa5 30. Nf3 1/2-1/2

[Event "Bayern-chTT (Oberliga)"]
[Site "Bayern 2008/09"]
[Date "2009.03.01"]
[Round "7.3"]
[White "Rother, Christoph"]
[Black "Schuster, Karsten(73)"]
[Result "0-1"]
[WhiteElo "2239"]
[BlackElo "2196"]
[PlyCount "168"]
[EventDate "2009.03.??"]
[EventType "team-tourn"]
[EventRounds "9"]
[WhiteTeam "Regensburg-Fortuna 1"]
[BlackTeam "Gröbenzell 1"]

1. e4 c6 2. d4 d5 3. Nc3 dxe4 4. Nxe4 Nd7 5. Bc4 Ngf6 6. Ng5 e6 7. Qe2 Nb6 8.
Bb3 h6 9. N5f3 c5 10. Bf4 Nbd5 11. Bg3 Qa5+ 12. Qd2 Qxd2+ 13. Nxd2 cxd4 14.
Ngf3 Bc5 15. Be5 d3 16. cxd3 Nb4 17. Ke2 O-O 18. Rac1 Be7 19. a3 Nc6 20. Rc2
Rd8 21. Rhc1 Bd7 22. Bc7 Rdc8 23. Bg3 Nh5 24. Be5 f6 25. Bg3 Nxg3+ 26. hxg3 Kf7
27. Ne4 Na5 28. Ba2 Rxc2+ 29. Rxc2 Rc8 30. Rxc8 Bxc8 31. Nd4 Bd7 32. Nf5 b6 33.
Ke3 Bf8 34. Nfd6+ Kg6 35. Nc4 Nb7 36. Bb1 Kf7 37. Bc2 Ke8 38. Nc3 b5 39. Nd2
Bc6 40. Bd1 Nd6 41. Nf3 Nf5+ 42. Ke2 Bc5 43. Ne4 Bb6 44. g4 Nd4+ 45. Nxd4 Bxd4
46. Nc3 a5 47. f3 b4 48. axb4 axb4 49. Na2 Bc5 50. Nc1 Ke7 51. Nb3 Bb6 52. Nd2
Bd4 53. Nc4 Bd5 54. b3 g6 55. Kf1 f5 56. f4 Kf6 57. Be2 Ba7 58. Bd1 Bb8 59.
gxf5 exf5 60. g3 g5 61. Ne3 Be6 62. Ng2 Bd5 63. Ne3 Bb7 64. Ng2 Ke6 65. Kf2
Ba7+ 66. Ne3 Ba6 67. Bc2 Bd4 68. Kf3 Bb5 69. Ke2 gxf4 70. gxf4 h5 71. Ng2 Bf6
72. Kf2 h4 73. Ne1 Bd4+ 74. Kg2 Bc6+ 75. Kh3 Be3 76. Ng2 Bxg2+ 77. Kxg2 Bxf4
78. Bd1 Ke5 79. Bh5 Be3 80. Bf7 Kf4 81. Bd5 Bd4 82. Bb7 Ke3 83. Bc8 f4 84. Bb7
h3+ 0-1